000 00527nam a2200217Ia 4500
003 OSt
005 20220928140823.0
006 a|||||r|||| 00| 0
007 ta
008 220927b |||||||| |||| 00| 0 eng d
024 _a12085
037 _cTextual
040 _aSDCL
_cSDCL
_beng
041 _2eng
_aeng
082 _a4y7M90, N1
100 _aShambhu Nath
245 0 _aVidyarthi aur Hindi patrakarita.
260 _c1991
942 _h4y7M90, N1
_cTEXL
_2CC
999 _c814494
_d814494